Kürtler (Record no. 12585)

MARC details
000 -BAŞLIK
Sabit Uzunlukta Kontrol Alanı 00629na a2200241 4500
001 - KONTROL NUMARASI
Denetim Alanı 17443
003 - KONTROL NUMARASI IDENTIFIER
Denetim Alanı Milas
005 - SON İŞLEM TARİHİ VE ZAMANI
Denetim Alanı 20190109124342.0
008 - SABİT-BOY VERİ ELEMANLARI - GENEL BİLGİLER
Sabit Uzunlukta Kontrol Alanı 161024b tu 000 0
020 ## - ULUSLARARASI STANDART KİTAP NUMARASI
Uluslararası Standart Kitap Numarası 9789752930896
041 ## - DİL KODU
Metin / Ses Parça Veya Ayrı Başlığın Dil Kodu tur
082 ## - DEWEY ONLU SINIFLANDIRMA NUMARASI
Sınıflandırma Numarası 322.42
Ürün Numarası C35k 2003
090 ## - SINIFLAMA NUMARASI
Sınıflama Numarası 322.42 C35k 2003
100 ## - ANA GİRİŞ - KİŞİSEL İSİM
Kişisel Ad Cemal, Hasan
245 ## - BAŞLIK TABLOSU
Başlık Kürtler
Sorumluluk Tablosu, Vb Hasan Cemal
250 ## - EDITION TABLOSU
Baskı Beyanı 2. bs.
260 ## - YAYIN, DAĞITIM, VB
Yayın, Dağıtım, Vb Yeri İstanbul
Yayıncı, Dağıtıcı, Vs Adı Doğan Kitap
Yayın, Dağıtım, Vb Tarihi 2003
300 ## - FİZİKSEL TANIM
Kapsam 588 s.
Diğer Fiziksel Ayrıntıları fotg. ; hrt.
Boyutlar 23 sm.
504 ## - KAYNAKÇA VB NOT
Kaynakça Vb Notu Dizin var.
650 ## - KONU KATMA GİRİŞ - TOPİKAL DÖNEM
Topikal Süreli Veya Coğrafi Ad Giriş Elemanı Kürtler
Genel Alt Bölümü Siyaset ve Yönetim
Coğrafi Alt Bölümü Türkiye
650 ## - KONU KATMA GİRİŞ - TOPİKAL DÖNEM
Topikal Süreli Veya Coğrafi Ad Giriş Elemanı Kürtler
Genel Alt Bölümü Etnik kimlik
650 ## - KONU KATMA GİRİŞ - TOPİKAL DÖNEM
Topikal Süreli Veya Coğrafi Ad Giriş Elemanı Kürtler
Coğrafi Alt Bölümü Türkiye
999 ## - SİSTEM KONTROL NUMARALARI (KOHA)
Koha Biblionumber 12585
Koha Biblioitemnumber 12585
Holdings
Kalıcı Konum Mevcut Konum Edinme Tarihi Edinim Kaynak Toplam Check-Out'Lar Tam Çağrı Numarası Barkod Tarih Son Görülme İtibaren Geçerli Fiyatlar Koha Öğesi Türü
CHP Kütüphanesi CHP Kütüphanesi 01/09/2019 Bağış   322.42 C35k 2003 018712 01/09/2019 01/09/2019 Books